[Event "DEM U10/U10w 2015"]
[Site "Willingen GER"]
[Date "2015.05.30"]
[Round "11"]
[White "Peglau, Mirjam"]
[Black "Pachmann, Johannes"]
[Result "0-1"]
[Termination "normal"]
[Board "22"]
[WhiteElo "1055"]
[BlackElo "1308"]
[PlyCount "120"]
[WhiteFideId "16211138"]
[BlackFideId "16250451"]
[EventCountry "GER"]
[EventRounds "11"]
[EventType "swiss"]
[EventDate "2015.05.23"]

1. e4 e6 2. d4 d5 3. Nd2 dxe4 4. Nxe4 Nd7 5. Bd3 Ngf6 6. Qe2 Be7 7. Nf3 b6 8.
Bg5 Bb7 9. Nxf6+ Nxf6 10. Qe5 h6 11. Bh4 Qd6 12. Bb5+ Kf8 13. Qxd6 Bxd6 14. O-O
a6 15. Ba4 g5 16. Bg3 Ke7 17. Ne5 b5 18. Bb3 h5 19. h3 Rhg8 20. Rfe1 Ne4 21.
Bh2 f6 22. Nf3 g4 23. Bxd6+ Kxd6 24. hxg4 hxg4 25. Nh2 f5 26. f3 gxf3 27. Nxf3
Rae8 28. Nh4 Rg4 29. Nf3 Nd2 30. Nxd2 Rxg2+ 31. Kf1 Rxd2 32. Red1 Rxd1+ 33.
Rxd1 Bd5 34. Bxd5 Kxd5 35. b3 Rf8 36. c4+ bxc4 37. bxc4+ Kxc4 38. Ke2 c5 39.
dxc5 Kxc5 40. Rd7 Re8 41. Rd2 e5 42. Rc2+ Kb4 43. Rc6 a5 44. Rd6 Ka3 45. Rd5
Kxa2 46. Rxa5+ Kb3 47. Kf3 e4+ 48. Ke3 f4+ 49. Kxf4 e3 50. Ra1 e2 51. Re1 Kc2
52. Kf3 Kd2 53. Rxe2+ Rxe2 54. Kg4 Rf2 55. Kg3 Ke2 56. Kh3 Kf3 57. Kh4 Rg2 58.
Kh3 Rg7 59. Kh4 Rg8 60. Kh5 Kf4 0-1

[Event "DEM U10/U10w 2015"]
[Site "Willingen GER"]
[Date "2015.05.30"]
[Round "11"]
[White "Reichelt, Lena"]
[Black "Huo, Da"]
[Result "1-0"]
[Termination "normal"]
[Board "23"]
[WhiteElo "1285"]
[BlackElo "1179"]
[PlyCount "111"]
[WhiteFideId "12981184"]
[BlackFideId "16221206"]
[EventCountry "GER"]
[EventRounds "11"]
[EventType "swiss"]
[EventDate "2015.05.23"]

1. e4 e5 2. d4 exd4 3. Qxd4 Nc6 4. Qe3 d6 5. Nc3 Nf6 6. Bd2 Be6 7. O-O-O Qe7 8.
Bb5 Bd7 9. f3 a6 10. Ba4 O-O-O 11. Nge2 Kb8 12. Be1 h6 13. Bf2 g6 14. Nd4 Nxd4
15. Qxd4 c5 16. Qd3 b5 17. Bxb5 axb5 18. Nxb5 Bxb5 19. Qxb5+ Qb7 20. Qxb7+ Kxb7
21. Bxc5 h5 22. Kb1 Be7 23. Bb4 Rhe8 24. Rd3 d5 25. Bxe7 Rxe7 26. exd5 Rxd5 27.
Rxd5 Nxd5 28. Kc1 Rc7 29. c3 Nb4 30. a3 Nd3+ 31. Kc2 Nf4 32. g3 Ne6 33. f4 Nd4+
34. Kb1 Nb5 35. Rd1 Kc6 36. Kc2 Rd7 37. Rxd7 Kxd7 38. Kd3 Kd6 39. a4 Nc7 40. c4
Ne6 41. b4 f5 42. c5+ Kc6 43. Kc4 Nc7 44. b5+ Kb7 45. a5 Ne8 46. c6+ Kc7 47.
Kc5 Nf6 48. b6+ Kb8 49. a6 Ng4 50. c7+ Kc8 51. Kc6 Ne5+ 52. Kd6 Nc4+ 53. Kc5
Na5 54. a7 Kb7 55. c8=Q+ Kxc8 56. a8=Q+ 1-0

[Event "DEM U10/U10w 2015"]
[Site "Willingen GER"]
[Date "2015.05.30"]
[Round "11"]
[White "Butenandt, Svenja"]
[Black "Henzgen, Nick"]
[Result "0-1"]
[Termination "normal"]
[Board "24"]
[WhiteElo "1342"]
[BlackElo "1269"]
[PlyCount "90"]
[WhiteFideId "12993859"]
[BlackFideId "16212347"]
[EventCountry "GER"]
[EventRounds "11"]
[EventType "swiss"]
[EventDate "2015.05.23"]

1. e4 e5 2. Nf3 Nc6 3. d4 exd4 4. Nxd4 Qf6 5. Ne2 Bc5 6. Nf4 d6 7. Nc3 Nge7 8.
Bd2 Bd7 9. Qe2 O-O-O 10. O-O-O g5 11. Nd3 Bb6 12. Be3 Bxe3+ 13. Qxe3 Kb8 14.
Be2 h5 15. f4 g4 16. e5 Qe6 17. h3 Nf5 18. Qf2 dxe5 19. fxe5 Nxe5 20. Nxe5 Qxe5
21. hxg4 Qe3+ 22. Qxe3 Nxe3 23. Rxh5 Nxd1 24. Bxd1 f5 25. gxf5 Rxh5 26. Bxh5
Bxf5 27. g4 Be6 28. g5 Rg8 29. g6 Bf5 30. Nd5 c6 31. Ne7 Rf8 32. Nxf5 Rxf5 33.
g7 Rg5 34. Bf7 Rxg7 35. Be6 Kc7 36. Kd2 Rg2+ 37. Kc3 Kd6 38. Bc8 b6 39. Kd4
Rxc2 40. b4 c5+ 41. bxc5+ bxc5+ 42. Kd3 Rxa2 43. Kc4 Rb2 44. Kc3 Rb4 45. Kc2 a5
0-1

[Event "DEM U10/U10w 2015"]
[Site "Willingen GER"]
[Date "2015.05.30"]
[Round "11"]
[White "Rockmann, Enno"]
[Black "Volk, Oskar"]
[Result "1/2-1/2"]
[Termination "normal"]
[Board "25"]
[WhiteElo "1269"]
[BlackElo "1078"]
[PlyCount "90"]
[WhiteFideId "12982920"]
[BlackFideId "16242645"]
[EventCountry "GER"]
[EventRounds "11"]
[EventType "swiss"]
[EventDate "2015.05.23"]

1. e4 d6 2. d4 Nf6 3. Nc3 Nbd7 4. Nf3 e5 5. Bc4 c6 6. a4 Be7 7. b3 b6 8. Bb2
Bb7 9. O-O O-O 10. Re1 Qc7 11. Qe2 a6 12. Qe3 b5 13. axb5 axb5 14. Rxa8 Rxa8
15. Bd3 Nh5 16. d5 b4 17. dxc6 Bxc6 18. Nd5 Bxd5 19. exd5 Nf4 20. Qe4 Nf6 21.
Qxb4 Nxd3 22. cxd3 Nxd5 23. Qe4 Qb7 24. Nxe5 dxe5 25. Qxe5 f6 26. Qe6+ Kf8 27.
Qe4 Qxb3 28. Qxh7 Nb4 29. Qh8+ Qg8 30. Qxg8+ Kxg8 31. Rxe7 Nxd3 32. Bc3 Ra3 33.
Be1 Ra1 34. Kf1 Kh7 35. Re3 Nxe1 36. Rxe1 Ra4 37. f3 Kg6 38. Kf2 Kf5 39. g4+
Kf4 40. Re7 Ra2+ 41. Ke1 Rxh2 42. Rxg7 Kxf3 43. Rg6 Rh4 44. Rxf6+ Kxg4 45. Ke2
Rh5 1/2-1/2

[Event "DEM U10/U10w 2015"]
[Site "Willingen GER"]
[Date "2015.05.30"]
[Round "11"]
[White "Rempe, Jonas"]
[Black "Reuter, Max"]
[Result "1/2-1/2"]
[Termination "normal"]
[Board "27"]
[WhiteElo "1292"]
[BlackElo "1036"]
[PlyCount "77"]
[WhiteFideId "16202406"]
[BlackFideId "16263715"]
[EventCountry "GER"]
[EventRounds "11"]
[EventType "swiss"]
[EventDate "2015.05.23"]

1. e4 c5 2. Nf3 e6 3. d4 cxd4 4. Nxd4 a6 5. Nc3 Qc7 6. Bd3 Nf6 7. O-O Bb4 8.
Nce2 b5 9. c3 Bc5 10. Nf3 Bb7 11. Bf4 d6 12. e5 dxe5 13. Bxe5 Bd6 14. Bxd6 Qxd6
15. Bxb5+ Ke7 16. Qxd6+ Kxd6 17. Bd3 Bxf3 18. gxf3 Nbd7 19. Rad1 Ke7 20. Ng3
Nd5 21. Be4 N7f6 22. Rfe1 Rad8 23. Bxd5 Nxd5 24. c4 Nb4 25. Rxd8 Rxd8 26. a3
Nd3 27. Re2 Rc8 28. Rc2 Ne5 29. Kg2 Rxc4 30. Re2 f6 31. Re4 Rxe4 32. Nxe4 Nc4
33. Nc5 a5 34. b4 Kd6 35. Nb3 a4 36. Nc5 Nxa3 37. Nxa4 Nc2 38. b5 Na3 39. b6
1/2-1/2

[Event "DEM U10/U10w 2015"]
[Site "Willingen GER"]
[Date "2015.05.30"]
[Round "11"]
[White "Gehle, Joshua"]
[Black "Reuter, Elisa"]
[Result "0-1"]
[Termination "normal"]
[Board "28"]
[WhiteElo "948"]
[BlackElo "1133"]
[PlyCount "64"]
[WhiteFideId "16273753"]
[BlackFideId "12995444"]
[EventCountry "GER"]
[EventRounds "11"]
[EventType "swiss"]
[EventDate "2015.05.23"]

1. e4 c5 2. Nc3 Nc6 3. f4 g6 4. d3 Bg7 5. g3 d6 6. Be3 Nf6 7. Bg2 O-O 8. Nf3
Ng4 9. Qd2 Nxe3 10. Qxe3 Nb4 11. Qf2 Be6 12. a3 Nc6 13. O-O Nd4 14. e5 Nxf3+
15. Bxf3 dxe5 16. fxe5 Bxe5 17. Qxc5 Bd4+ 18. Qxd4 Qxd4+ 19. Kh1 Qb6 20. b4 Bh3
21. Rg1 Rab8 22. Rab1 Be6 23. b5 Qa5 24. Ne4 b6 25. c4 Qxa3 26. Rgd1 Rfd8 27.
Be2 Bf5 28. Nf2 Rd6 29. g4 Qa2 30. gxf5 Qxe2 31. Kg2 gxf5 32. Re1 Rg6+ 0-1

[Event "DEM U10/U10w 2015"]
[Site "Willingen GER"]
[Date "2015.05.30"]
[Round "11"]
[White "Rashba, David"]
[Black "Baltic, Sara"]
[Result "1/2-1/2"]
[Termination "normal"]
[Board "29"]
[WhiteElo "1130"]
[BlackElo "1129"]
[PlyCount "132"]
[WhiteFideId "16205499"]
[BlackFideId "16210409"]
[EventCountry "GER"]
[EventRounds "11"]
[EventType "swiss"]
[EventDate "2015.05.23"]

1. e4 e6 2. d4 d5 3. exd5 exd5 4. h3 Bd6 5. Nf3 Ne7 6. c4 dxc4 7. Bxc4 c6 8.
Nc3 h6 9. Bd2 O-O 10. O-O Nd7 11. Re1 Nb6 12. Bb3 c5 13. dxc5 Bxc5 14. Be3 Qxd1
15. Raxd1 Bb4 16. Bxb6 axb6 17. a3 Bxc3 18. bxc3 Rxa3 19. Rxe7 Rxb3 20. Re3 b5
21. Nd4 Rb2 22. Re2 Rxe2 23. Nxe2 Re8 24. Nd4 Bd7 25. Rb1 Bc6 26. Nxb5 Bxb5 27.
Rxb5 Re1+ 28. Kh2 Rc1 29. Rxb7 Rxc3 30. Rb8+ Kh7 31. Rb7 Kg8 32. Rb1 g5 33. Re1
Rc2 34. f3 f5 35. Rf1 h5 36. Kg1 g4 37. fxg4 fxg4 38. hxg4 hxg4 39. Rf2 Rc4 40.
Kh2 Rc3 41. g3 Kg7 42. Rf4 Rc2+ 43. Kg1 Rc1+ 44. Rf1 Rxf1+ 45. Kxf1 Kg6 46. Kf2
Kg5 47. Ke2 Kf5 48. Kf2 Ke4 49. Ke2 Kf5 50. Ke3 Ke5 51. Kd3 Kd5 52. Ke3 Ke5 53.
Ke2 Ke4 54. Kf2 Kd3 55. Kg2 Ke3 56. Kf1 Kf3 57. Kg1 Kxg3 58. Kf1 Kh3 59. Kg1 g3
60. Kh1 Kg4 61. Kg2 Kf4 62. Kg1 Kg4 63. Kg2 Kh4 64. Kg1 Kh3 65. Kh1 Kh4 66. Kg1
Kg4 1/2-1/2

[Event "DEM U10/U10w 2015"]
[Site "Willingen GER"]
[Date "2015.05.30"]
[Round "11"]
[White "Kriuckova, Sonia"]
[Black "Joppich, Til"]
[Result "0-1"]
[Termination "normal"]
[Board "30"]
[WhiteElo "1297"]
[BlackElo "1108"]
[PlyCount "106"]
[WhiteFideId "16204310"]
[BlackFideId "16232917"]
[EventCountry "GER"]
[EventRounds "11"]
[EventType "swiss"]
[EventDate "2015.05.23"]

1. e4 e5 2. d4 exd4 3. c3 d5 4. exd5 Qxd5 5. cxd4 Nc6 6. Nf3 Bg4 7. Be2 O-O-O
8. Nc3 Bb4 9. a3 Bxc3+ 10. bxc3 Bxf3 11. Bxf3 Qc4 12. Be2 Re8 13. O-O Qxe2 14.
Qxe2 Rxe2 15. Bf4 Nf6 16. Rae1 Nd5 17. Bg3 Nxc3 18. Rc1 Ne4 19. Bf4 g5 20. Be3
f5 21. f3 Rxe3 22. fxe4 Nxd4 23. Kh1 fxe4 24. Rf7 c6 25. h3 Rxa3 26. Rcf1 Rd8
27. Rxh7 Rd7 28. Rf8+ Kc7 29. Rff7 Rxf7 30. Rxf7+ Kb6 31. Rf1 e3 32. Rb1+ Kc7
33. Re1 e2 34. Kg1 b5 35. Kh2 b4 36. Kg1 Rd3 37. Kf2 Rd1 38. g3 b3 39. h4 gxh4
40. gxh4 Rxe1 41. Kxe1 Nf3+ 42. Kxe2 b2 43. h5 b1=Q 44. Kxf3 Qf5+ 45. Ke3 Qxh5
46. Kd4 Qf5 47. Kc4 Qd5+ 48. Kb4 a5+ 49. Ka4 Qb5+ 50. Ka3 a4 51. Ka2 Qb4 52.
Ka1 a3 53. Ka2 Qb2# 0-1

[Event "DEM U10/U10w 2015"]
[Site "Willingen GER"]
[Date "2015.05.30"]
[Round "11"]
[White "Orlova, Alicia"]
[Black "Pietsch, Julius"]
[Result "0-1"]
[Termination "normal"]
[Board "32"]
[WhiteElo "1110"]
[BlackElo "1202"]
[PlyCount "126"]
[WhiteFideId "34154563"]
[BlackFideId "12985660"]
[EventCountry "GER"]
[EventRounds "11"]
[EventType "swiss"]
[EventDate "2015.05.23"]

1. e4 c5 2. Nc3 d6 3. g3 Nf6 4. Bg2 e5 5. d3 Be7 6. f4 O-O 7. f5 Nc6 8. Nf3 b6
9. O-O Bb7 10. h3 Nd4 11. Ne2 Rc8 12. c3 Nc6 13. Kh2 Qd7 14. g4 Rfd8 15. Bd2 h5
16. gxh5 Nxh5 17. Qe1 Ba6 18. c4 Nd4 19. Nfxd4 cxd4 20. Ng3 Bh4 21. Kg1 Bxg3
22. Qe2 Nf6 23. Bg5 Qe7 24. Bxf6 Qxf6 25. Qg4 Bf4 26. Bf3 Qg5 27. Qxg5 Bxg5 28.
Kh1 Bf4 29. Rg1 f6 30. Rg4 Be3 31. Re1 b5 32. b3 bxc4 33. bxc4 Rb8 34. Re2 Rb1+
35. Kg2 Rg1+ 36. Kh2 Rxg4 37. Bxg4 Rb8 38. h4 Bc8 39. Kg3 Rb1 40. Rc2 Rg1+ 41.
Rg2 Rxg2+ 42. Kxg2 g6 43. h5 gxf5 44. Bxf5 Bxf5 45. exf5 Kh7 46. Kf3 Kh6 47.
Ke4 Kxh5 48. Kd5 Kg5 49. Kxd6 Kxf5 50. c5 Bd2 51. c6 Ba5 52. c7 Bxc7+ 53. Kxc7
Ke6 54. Kb7 a5 55. a4 f5 56. Kb6 f4 57. Kxa5 f3 58. Kb6 f2 59. a5 f1=Q 60. a6
Qb1+ 61. Ka7 Kd7 62. Ka8 Kc7 63. a7 Qb7# 0-1

[Event "DEM U10/U10w 2015"]
[Site "Willingen GER"]
[Date "2015.05.30"]
[Round "11"]
[White "Liu, Sijia Anna"]
[Black "Wiemann, Vanessa"]
[Result "0-1"]
[Termination "normal"]
[Board "33"]
[WhiteElo "1147"]
[BlackElo "1229"]
[PlyCount "130"]
[WhiteFideId "12989746"]
[BlackFideId "12942987"]
[EventCountry "GER"]
[EventRounds "11"]
[EventType "swiss"]
[EventDate "2015.05.23"]

1. e4 e6 2. d4 d5 3. Nd2 dxe4 4. Nxe4 Bd7 5. Nf3 Bc6 6. Bd3 Nd7 7. O-O Be7 8.
Bf4 Ngf6 9. Re1 O-O 10. Ng3 Re8 11. c4 Bb4 12. Bd2 Bxd2 13. Qxd2 Bxf3 14. gxf3
c6 15. Kh1 Qb6 16. Rg1 Kf8 17. c5 Qc7 18. Qg5 h6 19. Qh4 Qd8 20. Qh3 e5 21. Qg2
exd4 22. Nf5 g6 23. Nxh6 Ne5 24. Bc2 d3 25. Bb3 Re7 26. Qg5 Nh7 27. Qf4 Qd7 28.
Rad1 Qh3 29. Rg3 Qd7 30. Rdg1 Rc8 31. h3 Rc7 32. Kh2 Ke8 33. Bxf7+ Nxf7 34.
Rxg6 Qd5 35. Rg8+ Kd7 36. Qg4+ Qe6 37. Qd4+ Qd5 38. Qg4+ Qe6 39. Qg7 Qe5+ 40.
Qxe5 Nxe5 41. Kg3 Nf6 42. Rg5 Nc4 43. b3 Nb2 44. Rb1 d2 45. Rxb2 d1=Q 46. Kh2
Qc1 47. Rg2 Qxb2 48. Nf5 Qe5+ 49. Ng3 Rh7 50. Rg1 Qe6 51. Rd1+ Nd5 52. Rh1 Kc8
53. a3 Qxh3+ 54. Kg1 Qe6 55. Ne4 Rcg7+ 56. Kf1 Rxh1+ 57. Ke2 Nc3+ 58. Ke3 Nxe4
59. fxe4 Qxb3+ 60. Kd4 Rd1+ 61. Ke5 Re7+ 62. Kf4 Rf1 63. Kg5 Rxf2 64. Kh6 Qg8
65. Kh5 Rh7# 0-1

[Event "DEM U10/U10w 2015"]
[Site "Willingen GER"]
[Date "2015.05.30"]
[Round "11"]
[White "Zwecker, Hagen"]
[Black "Breß, Amy Charlize"]
[Result "1/2-1/2"]
[Termination "normal"]
[Board "34"]
[WhiteElo "1145"]
[BlackElo "941"]
[PlyCount "96"]
[WhiteFideId "12991007"]
[BlackFideId "16233786"]
[EventCountry "GER"]
[EventRounds "11"]
[EventType "swiss"]
[EventDate "2015.05.23"]

1. e4 c5 2. Nf3 d6 3. Nc3 g6 4. Bc4 Bg7 5. d3 e6 6. Be3 Nc6 7. Bb5 Bd7 8. Qd2
Nd4 9. Bxd7+ Qxd7 10. Bxd4 cxd4 11. Ne2 e5 12. O-O Rc8 13. c3 dxc3 14. Nxc3 Ne7
15. Rac1 O-O 16. Qe3 b6 17. Rc2 Rc7 18. Rfc1 Rfc8 19. Qd2 Kh8 20. Ng5 f6 21.
Nf3 Ng8 22. d4 Bh6 23. Qd1 Bxc1 24. Qxc1 exd4 25. Nxd4 Rc4 26. Ndb5 a6 27. Na3
R4c6 28. Nab1 f5 29. exf5 gxf5 30. Rd2 Rc5 31. h3 Nf6 32. Qe1 Re8 33. Qd1 Re6
34. Na4 Rc6 35. b4 b5 36. Nc5 Qe7 37. Nxe6 Qxe6 38. Na3 d5 39. Kh2 Qe5+ 40. g3
Qd6 41. Nc2 f4 42. Qf3 fxg3+ 43. fxg3 Ne4 44. Re2 Rc3 45. Qf4 Qxf4 46. gxf4 Kg7
47. Nd4 Kf6 48. Rg2 Rd3 1/2-1/2

[Event "DEM U10/U10w 2015"]
[Site "Willingen GER"]
[Date "2015.05.30"]
[Round "11"]
[White "von Rosen, Jakob"]
[Black "Bayer, Melissa"]
[Result "1-0"]
[Termination "normal"]
[Board "36"]
[WhiteElo "1124"]
[BlackElo "1104"]
[PlyCount "145"]
[WhiteFideId "12982989"]
[BlackFideId "16206916"]
[EventCountry "GER"]
[EventRounds "11"]
[EventType "swiss"]
[EventDate "2015.05.23"]

1. c4 e5 2. g3 Nc6 3. Nc3 Nf6 4. Bg2 d6 5. Nf3 Be7 6. O-O O-O 7. d3 Bg4 8. Rb1
a6 9. Be3 d5 10. cxd5 Nxd5 11. Nxd5 Qxd5 12. a3 Qd7 13. Rc1 Bh3 14. Bc5 Bd6 15.
Qb3 Bxg2 16. Kxg2 Rab8 17. Bxd6 cxd6 18. Rc3 Qe6 19. Qxe6 fxe6 20. Ng5 Rf6 21.
Ne4 Rff8 22. Nxd6 Nd4 23. e3 Nf5 24. Nxf5 exf5 25. Rc7 f4 26. Re7 fxg3 27. hxg3
Rf5 28. Rc1 Rbf8 29. Rc2 b6 30. Re6 R8f6 31. Rxf6 Rxf6 32. Rc7 Kf8 33. f4 exf4
34. gxf4 h6 35. Kf3 g5 36. Rh7 gxf4 37. exf4 Kg8 38. Ra7 a5 39. Re7 h5 40. d4
h4 41. Re2 Kg7 42. Rh2 Rh6 43. Kg4 Rd6 44. Rd2 Rf6 45. d5 Kf7 46. Rd4 Rh6 47.
Kh3 Ke7 48. d6+ Kd7 49. f5 Rf6 50. Rd5 Rh6 51. Rd4 Rf6 52. Kg4 h3 53. Rd2 Rh6
54. Rh2 Kxd6 55. Rxh3 Rf6 56. Kg5 Rf8 57. Rh6+ Kc5 58. Kg6 b5 59. f6 Kd6 60.
Kg7 Rd8 61. f7+ Ke7 62. Rf6 Rf8 63. Re6+ Kxe6 64. Kxf8 b4 65. Ke8 bxa3 66. bxa3
Kd6 67. f8=Q+ Kc6 68. Qf5 Kb6 69. Qd5 a4 70. Kd7 Ka7 71. Qb5 Ka8 72. Kc7 Ka7
73. Qxa4# 1-0

[Event "DEM U10/U10w 2015"]
[Site "Willingen GER"]
[Date "2015.05.30"]
[Round "11"]
[White "Klühs, Isabel"]
[Black "Schupfer, Michael"]
[Result "0-1"]
[Termination "normal"]
[Board "37"]
[WhiteElo "901"]
[BlackElo "1173"]
[PlyCount "102"]
[WhiteFideId "16228944"]
[EventCountry "GER"]
[EventRounds "11"]
[EventType "swiss"]
[EventDate "2015.05.23"]

1. d4 d5 2. Nf3 Bf5 3. e3 e6 4. Be2 Nf6 5. c3 Bd6 6. c4 c6 7. Nc3 O-O 8. O-O
Bc7 9. a3 Ne4 10. Nxe4 dxe4 11. Nd2 Qd6 12. g3 Bh3 13. Re1 c5 14. Nxe4 Qc6 15.
Bf3 Qb6 16. Nxc5 Nc6 17. b4 a6 18. Nd7 Qa7 19. Nxf8 Rxf8 20. c5 Rd8 21. Bb2 Re8
22. e4 e5 23. d5 Nb8 24. d6 Bd8 25. Qd5 Nd7 26. c6 Nb6 27. Qc5 g6 28. d7 Rf8
29. c7 Bxc7 30. Qxc7 Nxd7 31. Qxd7 Bxd7 32. Bg2 f5 33. Bxe5 fxe4 34. Rf1 Bb5
35. Rfe1 Qxf2+ 36. Kh1 Be2 37. Rac1 Bf3 38. Rg1 e3 39. Rc7 Rf7 40. Rc8+ Rf8 41.
Rc7 Bxg2+ 42. Rxg2 Qf1+ 43. Rg1 Qf3+ 44. Rg2 Qd1+ 45. Rg1 Rf1 46. Rc8+ Kf7 47.
Rc7+ Ke8 48. Rc8+ Kd7 49. Rc7+ Ke6 50. h3 Qf3+ 51. Kh2 Rf2+ 0-1

[Event "DEM U10/U10w 2015"]
[Site "Willingen GER"]
[Date "2015.05.30"]
[Round "11"]
[White "Straub, Benno"]
[Black "Ruppert, Jeremy"]
[Result "1-0"]
[Termination "normal"]
[Board "38"]
[WhiteElo "1022"]
[BlackElo "1147"]
[PlyCount "73"]
[WhiteFideId "16255488"]
[EventCountry "GER"]
[EventRounds "11"]
[EventType "swiss"]
[EventDate "2015.05.23"]

1. e4 e5 2. Nf3 Nc6 3. Bc4 Nf6 4. d3 Bc5 5. Nc3 d6 6. Be3 Bb6 7. Qd2 Bd7 8. h3
Qe7 9. O-O-O Na5 10. Nd5 Nxd5 11. Bxd5 Be6 12. Bxb6 axb6 13. Bxe6 Qxe6 14. a3
b5 15. Qb4 c6 16. Qc3 c5 17. b4 cxb4 18. Qxb4 O-O 19. Qxb5 Rfc8 20. Kd2 Qh6+
21. Ke2 Rxc2+ 22. Rd2 Rxd2+ 23. Nxd2 Rc8 24. Qxa5 g6 25. Rd1 Qh5+ 26. Nf3 g5
27. Qb6 g4 28. hxg4 Qxg4 29. Qxb7 Kg7 30. Rd2 Rc1 31. Qb2 Rh1 32. d4 Qxg2 33.
dxe5 dxe5 34. Qxe5+ f6 35. Rd7+ Kg6 36. Qf5+ Kh6 37. Qxh7# 1-0

[Event "DEM U10/U10w 2015"]
[Site "Willingen GER"]
[Date "2015.05.30"]
[Round "11"]
[White "Sklarski, Lior"]
[Black "Schneider, Anna"]
[Result "0-1"]
[Termination "normal"]
[Board "39"]
[WhiteElo "1087"]
[BlackElo "1060"]
[PlyCount "100"]
[WhiteFideId "12987077"]
[BlackFideId "16200527"]
[EventCountry "GER"]
[EventRounds "11"]
[EventType "swiss"]
[EventDate "2015.05.23"]

1. d4 d5 2. e3 Nf6 3. Bd3 c5 4. c3 Nc6 5. f4 Bg4 6. Nf3 e6 7. Nbd2 Bd6 8. O-O
O-O 9. Qe1 cxd4 10. cxd4 Nb4 11. Bb1 Rc8 12. a3 Nc2 13. Bxc2 Rxc2 14. Ne5 b5
15. Qg3 Bf5 16. Rb1 a5 17. b3 b4 18. a4 Ra2 19. Rb2 Ra1 20. Nc6 Qb6 21. Ne5 Rc8
22. Qe1 Rcxc1 23. Qf2 Rxf1+ 24. Nxf1 Ne4 25. Qc2 Rxf1+ 26. Kxf1 Ng3+ 27. hxg3
Bxc2 28. Rxc2 h6 29. Rc8+ Kh7 30. Nxf7 Qa6+ 31. Kf2 Qxc8 32. Nxd6 Qc2+ 33. Kf3
Qxb3 34. Nb7 Qxa4 35. Nd8 Qd7 36. Nxe6 Qxe6 37. g4 Qe4+ 38. Kg3 Qxe3+ 39. Kh2
Qxf4+ 40. Kh3 Qxd4 41. g5 hxg5 42. Kh2 b3 43. g4 Qxg4 44. Kh1 b2 45. Kh2 Qh4+
46. Kg2 b1=R 47. Kf3 Rb3+ 48. Kg2 Qe1 49. Kh2 Qe2+ 50. Kh1 Rb1# 0-1

[Event "DEM U10/U10w 2015"]
[Site "Willingen GER"]
[Date "2015.05.30"]
[Round "11"]
[White "Youness, Sali"]
[Black "Kieckbusch, Lotta"]
[Result "0-1"]
[Termination "normal"]
[Board "40"]
[WhiteElo "897"]
[BlackElo "749"]
[PlyCount "86"]
[BlackFideId "16214390"]
[EventCountry "GER"]
[EventRounds "11"]
[EventType "swiss"]
[EventDate "2015.05.23"]

1. e4 c6 2. d4 d5 3. e5 Bf5 4. Nf3 e6 5. Be2 Nd7 6. c3 Ne7 7. Be3 Ng6 8. Nbd2
Be7 9. O-O O-O 10. Nb3 Qc7 11. Bd3 Bxd3 12. Qxd3 Rfd8 13. Rfe1 Rac8 14. Rac1
Qb6 15. Bd2 a5 16. a4 Qxb3 17. Ra1 Qb6 18. h3 Qa6 19. Qe3 c5 20. b3 b5 21. axb5
Qxb5 22. Reb1 cxd4 23. cxd4 Qc6 24. Ng5 Bxg5 25. Qxg5 h6 26. Qg3 Qc2 27. Be3
Qe4 28. Qf3 Rc3 29. Re1 Qh4 30. Qd1 Nf4 31. Bxf4 Qxf4 32. Rxa5 Qg5 33. Kh1 Qh4
34. Kg1 Rdc8 35. Qa1 Rc2 36. Rf1 R8c3 37. Ra8+ Kh7 38. Qa7 Qe7 39. Qa1 Qg5 40.
Kh1 Rc1 41. Qa6 Rxf1+ 42. Kh2 Qf4+ 43. g3 Qxf2# 0-1

[Event "DEM U10/U10w 2015"]
[Site "Willingen GER"]
[Date "2015.05.30"]
[Round "11"]
[White "Pflugradt, Natalie"]
[Black "Wallat, Alexandra"]
[Result "1/2-1/2"]
[Termination "normal"]
[Board "42"]
[WhiteElo "1120"]
[BlackElo "935"]
[PlyCount "70"]
[WhiteFideId "16212444"]
[BlackFideId "16211413"]
[EventCountry "GER"]
[EventRounds "11"]
[EventType "swiss"]
[EventDate "2015.05.23"]

1. e4 e6 2. Nc3 d5 3. exd5 exd5 4. d4 Nf6 5. h3 c5 6. Be3 c4 7. a3 Bd6 8. Nf3
O-O 9. Be2 Be6 10. O-O Nbd7 11. Qd2 Ne4 12. Nxe4 dxe4 13. Ne1 Nf6 14. c3 Qe7
15. Nc2 Rfd8 16. Rad1 Bc5 17. Qc1 Bd6 18. Rfe1 Bc7 19. Bf4 Bxf4 20. Qxf4 Qd6
21. Qc1 Rac8 22. Ne3 b5 23. Rd2 Nd5 24. Nxd5 Qxd5 25. Red1 f6 26. Qc2 Qg5 27.
Qxe4 Bxh3 28. Kh2 Bf5 29. Qf3 Qh4+ 30. Kg1 Bd7 31. Bf1 Re8 32. Qd5+ Kh8 33.
Qxd7 Rg8 34. Re2 Qh5 35. g4 Qg6 1/2-1/2

[Event "DEM U10/U10w 2015"]
[Site "Willingen GER"]
[Date "2015.05.30"]
[Round "11"]
[White "Gossing, Marie-Sophie"]
[Black "Adelhardt, Lisa"]
[Result "0-1"]
[Termination "normal"]
[Board "43"]
[WhiteElo "762"]
[BlackElo "897"]
[PlyCount "82"]
[WhiteFideId "16217284"]
[BlackFideId "16235380"]
[EventCountry "GER"]
[EventRounds "11"]
[EventType "swiss"]
[EventDate "2015.05.23"]

1. e4 e5 2. Nf3 Nc6 3. Bc4 Bc5 4. c3 Nf6 5. d3 O-O 6. O-O Na5 7. Bb3 Nxb3 8.
axb3 d6 9. Re1 c6 10. c4 Qb6 11. Nbd2 Bxf2+ 12. Kh1 Bxe1 13. Qxe1 Ng4 14. h3
Nf2+ 15. Kh2 Nxd3 16. Qd1 Nxc1 17. Qxc1 Be6 18. Nf1 Qxb3 19. Ra3 Qxc4 20. Qd1
d5 21. exd5 Qxd5 22. Qe1 e4 23. Re3 exf3 24. Rxf3 Qd6+ 25. Qg3 Qxg3+ 26. Nxg3
Bd5 27. Rd3 Rad8 28. Nh5 Be4 29. Rxd8 Rxd8 30. Ng3 Bg6 31. b4 Rd4 32. b5 cxb5
33. Ne2 Rd2 34. Nc3 b4 35. Na4 b3 36. Nc3 b2 37. h4 Rc2 38. Nd1 b1=Q 39. Ne3
Re2 40. Nc4 Qf1 41. Nd6 Qxg2# 0-1